000 00610cam a2200229 4500
001 2669547
005 20180131042610.0
008 740104s1974 njua b 001 0 eng
010 _a 73022467
020 _a0134779355
040 _aDLC
_cDLC
_dDLC
041 _aeng
060 _aQL751 K66i 1974
080 _a591.5 pet
082 0 0 _a591.5 pet
100 1 _a9
101 _amje
245 1 3 _aAn introduction to animal behavior;
_c[by] Peter H. Klopfer.
504 _aBibliography: p. 287-319.
906 _a7
_bcbc
_corignew
_d1
_eocip
_f19
_gy-gencatlg
942 _2ddc
_cBK
999 _c41347
_d41347